00715nam a2200205Ia 450000500170000000800410001704000190005804100120007708200180008910000190010724501480012626000400027430000100031444000360032450400500036065000430041065100210045370000250047485000100049920221103115324.0131103s9999 xx 000 0 und d aLoreto College aEnglish a131.3462bFRE aFreud, Sigmund aJokes and their relation to the unconsciouscSigmund Freud; translated from the German and edited by James Strachey; revised by Angela Richards aH armondsworthbPenguin Booksc1976 a330p  aThe Pelican Freud library; no.6 aIncludes bibliographical references and index aWit and Humour - Psychological aspects aSubconsciousness aStrachey, James, ed. aLCLIB